Fr. Conceicao Rodrigues College of Engineering

Thesis & Assignment Writing (Record no. 20155)

MARC details
000 -LEADER
fixed length control field 00310nam a2200133Ia 4500
100 ## - MAIN ENTRY--PERSONAL NAME
Personal name Anderson.Jonathan
245 ## - TITLE STATEMENT
Title Thesis & Assignment Writing
260 ## - PUBLICATION, DISTRIBUTION, ETC.
Name of publisher, distributor, etc. WILEY EASTERN LIMITED
Place of publication, distribution, etc. NewDelhi
Date of publication, distribution, etc. 1971
300 ## - PHYSICAL DESCRIPTION
Extent 135
546 ## - LANGUAGE NOTE
Language note ENGLISH
650 ## - SUBJECT ADDED ENTRY--TOPICAL TERM
Topical term or geographic name entry element General
654 ## - SUBJECT ADDED ENTRY--FACETED TOPICAL TERMS
Focus term Assignment Writing
942 ## - ADDED ENTRY ELEMENTS (KOHA)
Koha item type BOOK
Holdings
Withdrawn status Lost status Damaged status Not for loan Collection Home library Current library Date acquired Cost, normal purchase price Inventory number Total Checkouts Full call number Barcode Date last seen Cost, replacement price Price effective from Koha item type
        AFT Fr. Agnel's C.Rodrigues College of Engineering Fr. Agnel's C.Rodrigues College of Engineering 17/03/2023 8.00 260   AFT1225 17/03/2023 8.00 17/03/2023 BOOK
        AFT Fr. Agnel's C.Rodrigues College of Engineering Fr. Agnel's C.Rodrigues College of Engineering 17/03/2023 8.00 261   AFT1226 17/03/2023 8.00 17/03/2023 BOOK
        AFT Fr. Agnel's C.Rodrigues College of Engineering Fr. Agnel's C.Rodrigues College of Engineering 17/03/2023 8.00 261   AFT1227 17/03/2023 8.00 17/03/2023 BOOK
        AFT Fr. Agnel's C.Rodrigues College of Engineering Fr. Agnel's C.Rodrigues College of Engineering 17/03/2023 8.00 261   AFT1228 17/03/2023 8.00 17/03/2023 BOOK
        AFT Fr. Agnel's C.Rodrigues College of Engineering Fr. Agnel's C.Rodrigues College of Engineering 17/03/2023 8.00 261   AFT1229 17/03/2023 8.00 17/03/2023 BOOK